000 00530nam a22001937a 4500
003 CEME
005 20210628202600.0
008 210122b xxu||||| |||| 00| 0 eng d
020 _a81-7808-609-3
040 _c.
082 _a621.3822 IFE
100 _aIfeachor, Emmanuel..C Jervis, Barrie .W
_960602
245 _aDigital signal processing a practical approach
250 _a2ND
260 _aINDIA
_bPEARSON EDUCATION ASIA
_c2002
300 _aXXIII,933P
650 _aDSP-A PRACTICAL APPROACH
_960603
942 _cBK
_2ddc
999 _c570291
_d570291